[Event "EU-ch (Women) 21st"]
[Site "Iasi"]
[Date "2021.08.20"]
[Round "11"]
[White "Pancu, Aureliana Eugenia"]
[Black "Mirza, Diana"]
[Result "1-0"]
[WhiteElo "1862"]
[BlackElo "1933"]
[PlyCount "65"]
[EventDate "2021.08.09"]
[EventType "swiss"]
[EventRounds "11"]
[EventCountry "ROU"]
[SourceTitle "CBM 203 Extra"]
[Source "ChessBase"]
[SourceDate "2021.09.30"]
[SourceVersion "1"]
[SourceVersionDate "2021.09.30"]
[SourceQuality "1"]

1. d4 Nf6 2. c4 g6 3. Nf3 Bg7 4. e3 0-0 5. Bd3 d6 6. 0-0 Nbd7 7. Nc3 e5 8. dxe5 dxe5 9. e4 Nh5 10. Bg5 f6 11. Be3 Nf4 12. Bc2 Kh8 13. Qd2 Nb6 14. Bxf4 exf4 15. Qxf4 Nxc4 16. Rad1 Bd7 17. Bb3 Nb6 18. a4 a5 19. Nb5 Rc8 20. Rd2 Qe7 21. Na7 Nxa4 22. Nxc8 Rxc8 23. Bxa4 Bxa4 24. e5 Bb5 25. exf6 Bxf6 26. Re1 Qg7 27. Red1 Rf8 28. Nd4 Be5 29. Qg4 Bd7 30. Qe2 Re8 31. Qd3 Bg4 32. Nf3 Bxb2 33. Qb5 1-0

[Event "EU-ch (Women) 21st"]
[Site "Iasi"]
[Date "2021.08.18"]
[Round "9"]
[White "Novosadova, Kristyna"]
[Black "Pancu, Aureliana Eugenia"]
[Result "1-0"]
[WhiteElo "2138"]
[BlackElo "1862"]
[PlyCount "107"]
[EventDate "2021.08.09"]
[EventType "swiss"]
[EventRounds "11"]
[EventCountry "ROU"]
[SourceTitle "CBM 203 Extra"]
[Source "ChessBase"]
[SourceDate "2021.09.30"]
[SourceVersion "1"]
[SourceVersionDate "2021.09.30"]
[SourceQuality "1"]

1. e4 e6 2. d4 d5 3. Nc3 Nf6 4. Bg5 Bb4 5. e5 h6 6. Bd2 Bxc3 7. bxc3 Ne4 8. Qg4 Nxd2 9. Qxg7 Rf8 10. Kxd2 Qg5+ 11. Qxg5 hxg5 12. g3 f6 13. f4 c5 14. Be2 gxf4 15. gxf4 Ke7 16. Nf3 Nc6 17. Rag1 Bd7 18. Rg7+ Rf7 19. Rhg1 Raf8 20. exf6+ Kxf6 21. R1g6+ Ke7 22. dxc5 Kd8 23. Rxf7 Rxf7 24. Ke3 Rh7 25. h4 Ne7 26. Rg1 Nf5+ 27. Kf2 Rh8 28. Rh1 Be8 29. Nd4 Rxh4 30. Rxh4 Nxh4 31. Nxe6+ Ke7 32. Nd4 Ng6 33. Ke3 Nf8 34. Bg4 Bd7 35. Bxd7 Nxd7 36. c6 bxc6 37. Nxc6+ Kd6 38. Nxa7 Kc5 39. Kd3 Nb6 40. f5 Nc4 41. Nc8 Ne5+ 42. Ke3 Kc4 43. Ne7 Ng4+ 44. Kf4 Nh6 45. f6 Nf7 46. a4 Kc5 47. Kf5 d4 48. cxd4+ Kxd4 49. Nc6+ Kc5 50. Ne5 Nd6+ 51. Ke6 Ne4 52. f7 Ng5+ 53. Ke7 Nxf7 54. Nd3+ 1-0

[Event "EU-ch (Women) 21st"]
[Site "Iasi"]
[Date "2021.08.10"]
[Round "2"]
[White "Pancu, Aureliana Eugenia"]
[Black "Schulze, Lara"]
[Result "0-1"]
[WhiteElo "1862"]
[BlackElo "2269"]
[PlyCount "72"]
[EventDate "2021.08.09"]
[EventType "swiss"]
[EventRounds "11"]
[EventCountry "ROU"]
[SourceTitle "CBM 203 Extra"]
[Source "ChessBase"]
[SourceDate "2021.09.30"]
[SourceVersion "1"]
[SourceVersionDate "2021.09.30"]
[SourceQuality "1"]

1. Nf3 Nf6 2. g3 d5 3. Bg2 c6 4. d3 Bg4 5. Nbd2 Nbd7 6. 0-0 e5 7. h3 Bh5 8. e4 Be7 9. Qe1 0-0 10. g4 Bg6 11. Nh4 Re8 12. Nxg6 hxg6 13. Qe2 Bf8 14. Re1 d4 15. a4 a5 16. Nb3 Bb4 17. Bd2 Bxd2 18. Nxd2 Nc5 19. Rf1 Ne6 20. Nf3 Nf4 21. Qd2 Qd6 22. Rfd1 Nd7 23. Bf1 Nc5 24. g5 f6 25. Kh2 Kf7 26. b4 Nce6 27. gxf6 axb4 28. fxg7 Kxg7 29. h4 Rh8 30. Bh3 Nxh3 31. Kxh3 Raf8 32. Kg3 Nf4 33. Rh1 Qe6 34. Ng5 Nh5+ 35. Kg2 Qg4+ 36. Kf1 Ng3+ 0-1

[Event "Wch Seniors 65 (Women) 29th"]
[Site "Bucharest"]
[Date "2019.11.23"]
[Round "11"]
[White "Gandelman, Ita"]
[Black "Pancu, Aureliana Eugenia"]
[Result "0-1"]
[WhiteElo "1525"]
[BlackElo "1833"]
[PlyCount "176"]
[EventDate "2019.11.12"]
[EventType "swiss"]
[EventRounds "11"]
[EventCountry "ROU"]
[SourceTitle "CBM 193 Extra"]
[Source "ChessBase"]
[SourceDate "2020.01.31"]
[SourceVersion "1"]
[SourceVersionDate "2020.01.31"]
[SourceQuality "1"]

1. e4 e6 2. Nc3 d5 3. exd5 exd5 4. d4 Nf6 5. a3 Be7 6. Be2 Bf5 7. Nf3 0-0 8. 0-0 Ne4 9. Bd2 c6 10. h3 Nd7 11. Be1 Qc7 12. Na2 Rfe8 13. Nb4 Bf6 14. c3 Rad8 15. Nc2 c5 16. dxc5 Ndxc5 17. Ncd4 Bc8 18. Bd2 Nxd2 19. Nxd2 Bxd4 20. cxd4 Ne6 21. Nf3 Qb6 22. Qd2 Bd7 23. Rac1 Qd6 24. Bd3 Nf4 25. Ne5 Ne6 26. Bb1 f6 27. Nf3 Nf4 28. Bd3 a6 29. Rfe1 Rc8 30. Rxe8+ Rxe8 31. Re1 Rxe1+ 32. Nxe1 g6 33. Bf1 Kg7 34. Nc2 Ne6 35. Ne1 Ng5 36. Qe3 Ne6 37. b4 Qb6 38. Nf3 Qc7 39. Nd2 a5 40. Nb3 axb4 41. axb4 Qd6 42. Nc5 b6 43. Nxe6+ Bxe6 44. Qd2 Bf5 45. Be2 h5 46. g4 hxg4 47. hxg4 Be6 48. Qc3 Bf7 49. Kg2 Qf4 50. Qe3 Qc7 51. f4 Qd6 52. Qd2 Qc7 53. Qe3 Qc2 54. Kg3 Qb2 55. b5 Qc2 56. Bd3 Qc7 57. Kf3 Qc8 58. Qg1 Qc3 59. Qe3 Kf8 60. Be2 Qa1 61. Qf2 Be6 62. Kg3 Qc3+ 63. Kg2 Qb2 64. Kf3 Bd7 65. Bd3 Bxg4+ 66. Kg3 Qxf2+ 67. Kxf2 Kf7 68. Kg3 Bd7 69. Kh4 Kg7 70. Be2 Kh6 71. Kg3 Bf5 72. Kh4 g5+ 73. fxg5+ fxg5+ 74. Kg3 Kg6 75. Bf1 Kf6 76. Be2 Bc2 77. Kg4 Bb3 78. Bf3 Bc4 79. Bg2 Be2+ 80. Kg3 Ke6 81. Bh3+ Kd6 82. Bf5 Bxb5 83. Kg4 Bd7 84. Bxd7 Kxd7 85. Kxg5 Ke6 86. Kf4 Kf6 87. Ke3 Kf5 88. Kd3 Kf4 0-1

[Event "EU-ch (Women) 17th"]
[Site "Mamaia"]
[Date "2016.06.04"]
[Round "8"]
[White "Pancu, Aureliana Eugenia"]
[Black "Anghel, Maria"]
[Result "1-0"]
[WhiteElo "1841"]
[BlackElo "1703"]
[PlyCount "77"]
[EventDate "2016.05.27"]
[EventType "swiss"]
[EventRounds "11"]
[EventCountry "ROU"]
[SourceTitle "CBM 172 Extra"]
[Source "ChessBase"]
[SourceDate "2016.06.21"]
[SourceVersion "1"]
[SourceVersionDate "2016.06.21"]
[SourceQuality "1"]

1. Nf3 c5 2. c4 Nc6 3. Nc3 e5 4. d3 g6 5. g3 Bg7 6. Bg2 Nge7 7. 0-0 d6 8. Bd2 0-0 9. Qc1 Re8 10. e4 a5 11. Be3 f5 12. Qd2 Be6 13. Ng5 Bc8 14. f4 exf4 15. gxf4 h6 16. Nf3 Be6 17. Nd5 Rb8 18. Rab1 b5 19. b3 b4 20. Qf2 Bf7 21. Kh1 a4 22. Nh4 axb3 23. axb3 Bxd5 24. cxd5 Nd4 25. Bxd4 Bxd4 26. Qg3 Kh7 27. Rbe1 Bc3 28. Re2 Rg8 29. Qh3 Qe8 30. exf5 Qf7 31. fxg6+ Nxg6 32. Be4 Rbe8 33. Nxg6 Rxe4 34. dxe4 Rxg6 35. Qf5 Qxf5 36. exf5 Rg7 37. Re6 Rd7 38. Rf3 Bd4 39. Rh3 1-0

[Event "EU-ch (Women) 17th"]
[Site "Mamaia"]
[Date "2016.05.30"]
[Round "4"]
[White "Osmanodja, Filiz"]
[Black "Pancu, Aureliana Eugenia"]
[Result "1-0"]
[WhiteElo "2296"]
[BlackElo "1841"]
[PlyCount "85"]
[EventDate "2016.05.27"]
[EventType "swiss"]
[EventRounds "11"]
[EventCountry "ROU"]
[SourceTitle "CBM 172 Extra"]
[Source "ChessBase"]
[SourceDate "2016.06.21"]
[SourceVersion "1"]
[SourceVersionDate "2016.06.21"]
[SourceQuality "1"]

1. e4 e6 2. d4 d5 3. Nd2 c5 4. exd5 Qxd5 5. dxc5 Bxc5 6. Ngf3 Nf6 7. Bc4 Qd8 8. 0-0 0-0 9. Qe2 Nc6 10. Nb3 Be7 11. Bf4 Nh5 12. Bd2 Qc7 13. Rad1 e5 14. Rfe1 Bg4 15. h3 Bxf3 16. Qxf3 Nf6 17. Bb5 e4 18. Qf4 Bd6 19. Qg5 h6 20. Qh4 Ne5 21. Bf4 Nf3+ 22. gxf3 Bxf4 23. fxe4 Bg5 24. Qg3 Qxc2 25. Bd3 Qc8 26. h4 Nh5 27. Qf3 Nf4 28. hxg5 hxg5 29. Nd4 g6 30. Ne2 Nh3+ 31. Kg2 g4 32. Qf6 Qc5 33. Rh1 Rad8 34. Bb1 Rxd1 35. Rxd1 Qc4 36. Ng1 Qa4 37. b3 Qb5 38. Rd5 Qe8 39. Nxh3 gxh3+ 40. Kxh3 Qc8+ 41. Kg2 Qg4+ 42. Kh2 Kh7 43. Rd3 1-0

[Event "EU-ch (Women) 17th"]
[Site "Mamaia"]
[Date "2016.05.29"]
[Round "3"]
[White "Pancu, Aureliana Eugenia"]
[Black "Isgandarova, Khayala Ilqar Qizi"]
[Result "0-1"]
[WhiteElo "1841"]
[BlackElo "2193"]
[PlyCount "56"]
[EventDate "2016.05.27"]
[EventType "swiss"]
[EventRounds "11"]
[EventCountry "ROU"]
[SourceTitle "CBM 172 Extra"]
[Source "ChessBase"]
[SourceDate "2016.06.21"]
[SourceVersion "1"]
[SourceVersionDate "2016.06.21"]
[SourceQuality "1"]

1. Nf3 Nf6 2. g3 g6 3. b3 Bg7 4. Bb2 d6 5. c4 e5 6. d3 Nc6 7. Bg2 0-0 8. 0-0 Nh5 9. Nc3 f5 10. Nd5 f4 11. Rb1 Bg4 12. Qd2 Qd7 13. e3 Bh6 14. exf4 exf4 15. Qc3 Bg7 16. Qd2 Bxb2 17. Rxb2 Bxf3 18. Bxf3 Nd4 19. Bxh5 gxh5 20. f3 fxg3 21. Qg5+ Kh8 22. Qxh5 c6 23. Ne3 Rae8 24. Ng2 Qg7 25. hxg3 Nf5 26. Rff2 Nd4 27. Kh1 Nxf3 28. Nf4 Qxg3 0-1

[Event "ROM-ch (Women)"]
[Site "Olanesti"]
[Date "2016.04.03"]
[Round "2"]
[White "Stanciu, Andreea Briana"]
[Black "Pancu, Aureliana Eugenia"]
[Result "1-0"]
[WhiteElo "1910"]
[BlackElo "1881"]
[PlyCount "102"]
[EventDate "2016.04.02"]
[EventType "swiss"]
[EventRounds "9"]
[EventCountry "ROU"]
[SourceTitle "CBM 171 Extra"]
[Source "ChessBase"]
[SourceDate "2016.04.26"]
[SourceVersion "1"]
[SourceVersionDate "2016.04.26"]
[SourceQuality "1"]

1. e4 e6 2. d4 d5 3. Nc3 Bb4 4. e5 c5 5. a3 Bxc3+ 6. bxc3 Qa5 7. Bd2 Qa4 8. h4 Nc6 9. Nf3 Bd7 10. h5 c4 11. Rh4 0-0-0 12. Rg4 g6 13. Ng5 Rf8 14. Rf4 f5 15. exf6 Rxf6 16. Nf7 Rxf7 17. Rxf7 Nge7 18. Bg5 Re8 19. Rxh7 gxh5 20. Be2 Nf5 21. Bxh5 Rg8 22. Qd2 Qa5 23. Kf1 Rf8 24. Kg1 Nd6 25. f3 Nf5 26. Bf4 Qd8 27. Bg4 Qf6 28. g3 Qg6 29. Rh3 Qg7 30. Kg2 Be8 31. Rah1 Bg6 32. Bh6 Nxh6 33. Bxe6+ Kc7 34. Qxh6 Qf6 35. Qf4+ Qxf4 36. gxf4 Ne7 37. Kg3 Kd6 38. Bg4 Rg8 39. Rh6 Kc7 40. Rh8 Rg7 41. R1h2 a6 42. Re2 Nf5+ 43. Kf2 Nd6 44. a4 Bf5 45. Bxf5 Nxf5 46. Re5 Ne7 47. f5 Rf7 48. Rh5 Kd6 49. Rh6+ Kc7 50. f6 Ng8 51. Rg6 Nxf6 1-0

[Event "ROM-ch (Women)"]
[Site "Calimanesti"]
[Date "2015.04.20"]
[Round "3"]
[White "Gelip, Ioana"]
[Black "Pancu, Aureliana Eugenia"]
[Result "1-0"]
[WhiteElo "2094"]
[BlackElo "1970"]
[PlyCount "91"]
[EventDate "2015.04.18"]
[EventType "swiss"]
[EventRounds "9"]
[EventCountry "ROU"]
[SourceTitle "CBM 166 Extra"]
[Source "ChessBase"]
[SourceDate "2015.06.18"]
[SourceVersion "1"]
[SourceVersionDate "2015.06.18"]
[SourceQuality "1"]

1. e4 e6 2. d4 d5 3. Nc3 Bb4 4. e5 c5 5. a3 Bxc3+ 6. bxc3 Qa5 7. Bd2 Qa4 8. Qb1 c4 9. Nf3 Nc6 10. Be2 f5 11. h4 Nge7 12. h5 h6 13. Nh4 b6 14. Rh3 Bd7 15. Rg3 Rg8 16. Ng6 Nxg6 17. Rxg6 0-0-0 18. Kf1 Rdf8 19. Kg1 Qa5 20. Be1 Rf7 21. Qc1 Ne7 22. Rg3 Rgf8 23. a4 Bxa4 24. Rg6 b5 25. Rxe6 Qc7 26. Bd2 Kb7 27. Qb1 Ka8 28. Bc1 Qc8 29. Rd6 Rd8 30. Bf3 Rff8 31. Ba3 Qb7 32. Qb4 Nc6 33. Qc5 Rxd6 34. exd6 Bxc2 35. Qxd5 Be4 36. Bxe4 fxe4 37. Qxe4 Nb8 38. Qg4 Rf7 39. Re1 Qd7 40. Qg6 Rf6 41. Qe4+ Qb7 42. Qe8 Rf7 43. Re7 Rxe7 44. dxe7 Qd5 45. Qd8 Qxh5 46. e8Q 1-0